[Event "BL2-West 0405"]
[Site "Germany"]
[Date "2005.04.10"]
[Round "9.3"]
[White "Breder, Dennis"]
[Black "Vogler, Tilmann"]
[Result "0-1"]
[WhiteElo "2454"]
[BlackElo "2318"]
[PlyCount "116"]
[EventDate "2004.10.13"]
[EventType "team-tourn"]
[EventRounds "9"]
[EventCountry "GER"]
[SourceTitle "EXT 2006"]
[Source "ChessBase"]
[SourceDate "2005.11.24"]
[SourceVersion "1"]
[SourceVersionDate "2005.11.24"]
[SourceQuality "1"]
[WhiteTeam "Godesberg"]
[BlackTeam "Schott Mainz"]
[WhiteTeamCountry "GER"]
[BlackTeamCountry "GER"]

1. e4 e5 2. Bc4 Nf6 3. d3 d5 4. exd5 Nxd5 5. Nf3 Nc6 6. 0-0 Be7 7. Re1 Bg4 8. h3 Bxf3 9. Qxf3 Nd4 10. Qg4 0-0 11. Rxe5 Nf6 12. Qd1 Bd6 13. Re1 b5 14. Bb3 Re8 15. Be3 Nxb3 16. axb3 Nd5 17. Nc3 Nxe3 18. Rxe3 Rxe3 19. fxe3 Qd7 20. Qf3 Re8 21. Ne4 Be7 22. Rf1 Rf8 23. g4 c6 24. Qf5 Qc7 25. Kg2 h6 26. Qf4 Qb6 27. Qe5 Bd8 28. Nc5 Bf6 29. Qd6 Rd8 30. Nd7 Bg5 31. Qe5 Qa5 32. Nc5 Qd2+ 33. Rf2 Qxe3 34. Qf5 Qe7 35. Ne4 Be3 36. Re2 Bb6 37. Re1 Rd5 38. Qf3 Re5 39. Re2 Re6 40. Ng3 Rxe2+ 41. Nxe2 Qd6 42. Ng3 Bc7 43. Ne4 Qh2+ 44. Kf1 Qxc2 45. Nf2 Bb6 46. d4 Bxd4 47. Ne4 Qc1+ 48. Ke2 Qxb2+ 49. Kf1 Qc1+ 50. Ke2 Qc2+ 51. Kf1 a5 52. h4 a4 53. g5 Qxb3 54. Qg4 Qd3+ 55. Kg2 Qe3 56. Kh1 Qe1+ 57. Kg2 Qg1+ 58. Kh3 Qe3+ 0-1

[Event "BL2-West 0405"]
[Site "Germany"]
[Date "2005.01.30"]
[Round "6.3"]
[White "Vogler, Tilmann"]
[Black "Roese, Oliver"]
[Result "1/2-1/2"]
[WhiteElo "2318"]
[BlackElo "2371"]
[PlyCount "97"]
[EventDate "2004.10.13"]
[EventType "team-tourn"]
[EventRounds "9"]
[EventCountry "GER"]
[SourceTitle "EXT 2006"]
[Source "ChessBase"]
[SourceDate "2005.11.24"]
[SourceVersion "1"]
[SourceVersionDate "2005.11.24"]
[SourceQuality "1"]
[WhiteTeam "Schott Mainz"]
[BlackTeam "Koeln SF"]
[WhiteTeamCountry "GER"]
[BlackTeamCountry "GER"]

1. Nf3 Nf6 2. g3 g6 3. Bg2 Bg7 4. 0-0 0-0 5. d3 d5 6. Nbd2 c5 7. c4 d4 8. b4 Nfd7 9. Nb3 Na6 10. a3 Rb8 11. Bb2 b6 12. e3 e5 13. exd4 exd4 14. Bc1 Bb7 15. Bf4 Rc8 16. Re1 Re8 17. Qd2 Nc7 18. bxc5 bxc5 19. Bg5 Bf6 20. Rxe8+ Nxe8 21. h4 Rb8 22. Na5 Ba8 23. Re1 Rb6 24. Qf4 Ng7 25. Qc1 Ne6 26. Bd2 Qb8 27. Qd1 Bd8 28. Qa4 Nef8 29. Ng5 Bxg2 30. Kxg2 Bxg5 31. Bxg5 Ne5 32. Rxe5 Qxe5 33. Nc6 Qc7 34. Ne7+ Kg7 35. Nd5 Qd7 36. Nxb6 axb6 37. Qa8 Ne6 38. Bd2 Qc7 39. a4 Nd8 40. Kg1 Ne6 41. a5 bxa5 42. Bxa5 Qe5 43. Qf3 h5 44. Kf1 Qb8 45. Bd2 Qb1+ 46. Ke2 Qb2 47. Qe4 Kg8 48. Qe5 Qb7 49. Bh6 1/2-1/2

[Event "BL2-West 0405"]
[Site "Germany"]
[Date "2004.11.28"]
[Round "3.4"]
[White "Vogler, Tilmann"]
[Black "Gulbas, Cemil"]
[Result "0-1"]
[WhiteElo "2318"]
[BlackElo "2444"]
[PlyCount "96"]
[EventDate "2004.10.13"]
[EventType "team-tourn"]
[EventRounds "9"]
[EventCountry "GER"]
[SourceTitle "EXT 2006"]
[Source "ChessBase"]
[SourceDate "2005.11.24"]
[SourceVersion "1"]
[SourceVersionDate "2005.11.24"]
[SourceQuality "1"]
[WhiteTeam "Schott Mainz"]
[BlackTeam "Bergheim"]
[WhiteTeamCountry "GER"]
[BlackTeamCountry "GER"]

1. e3 g6 2. h4 Nf6 3. b3 c5 4. Bb2 Bg7 5. g4 d5 6. g5 Nh5 7. Bxg7 Nxg7 8. Bg2 d4 9. Ne2 Nc6 10. Qc1 Bg4 11. Ng3 Qc7 12. Na3 Ne5 13. f4 Nc6 14. 0-0 h6 15. Nc4 hxg5 16. hxg5 Ne6 17. Qe1 Nb4 18. Ne5 Bh3 19. Qe2 Bxg2 20. Kxg2 a6 21. Rh1 Rf8 22. c3 Nd5 23. Qf3 dxe3 24. dxe3 0-0-0 25. Ne4 f5 26. gxf6 exf6 27. Nxg6 Rg8 28. f5 Qe5 29. Kf2 Rxg6 30. fxg6 f5 31. Ng3 Nxc3 32. Rh7 Rd2+ 33. Ke1 Rd5 34. Rc1 Nxa2 35. Rd1 Rxd1+ 36. Kxd1 Qa1+ 37. Ke2 Nc1+ 38. Kf2 Nd3+ 39. Ke2 Nc1+ 40. Kd2 Nxb3+ 41. Kd3 c4+ 42. Ke2 Nc1+ 43. Kd2 c3+ 44. Ke1 Nd3+ 45. Ke2 Qe1+ 46. Kxd3 Qd2+ 47. Kc4 b5+ 48. Kb4 c2+ 0-1

[Event "Banyoles op 6th"]
[Site "Banyoles"]
[Date "2003.08.05"]
[Round "4"]
[White "Bonnez, Finn"]
[Black "Vogler, Tilmann"]
[Result "1/2-1/2"]
[WhiteElo "2045"]
[BlackElo "2317"]
[PlyCount "70"]
[EventDate "2003.08.??"]
[EventType "swiss"]
[EventRounds "9"]
[EventCountry "ESP"]
[SourceTitle "EXT 2005"]
[Source "ChessBase"]
[SourceDate "2004.11.15"]
[SourceVersion "1"]
[SourceVersionDate "2004.11.15"]
[SourceQuality "1"]
[BlackTeam "Schwarzenbach"]
[BlackTeamCountry "GER"]

1. d4 e6 2. Nf3 Nf6 3. c3 b6 4. Bf4 Bb7 5. Nbd2 Be7 6. e3 Nh5 7. Bg3 d6 8. Bd3 Nd7 9. Qe2 g6 10. 0-0-0 h6 11. Ne1 Bf6 12. f4 Nxg3 13. hxg3 Qe7 14. e4 e5 15. Nc2 Bg7 16. Rhf1 a5 17. dxe5 dxe5 18. f5 h5 19. Bc4 Nf6 20. fxg6 fxg6 21. Ne3 0-0-0 22. Rxf6 Bxf6 23. Nd5 Qd6 24. Kc2 Rdf8 25. Ba6 Bd8 26. Nc4 Qc5 27. Bxb7+ Kxb7 28. Qd3 Rf2+ 29. Kb1 Rxg2 30. b4 Qf2 31. Nxa5+ bxa5 32. Qb5+ Ka8 33. Qa6+ Kb8 34. Qb5+ Kc8 35. Qa6+ Kb8 1/2-1/2

[Event "Banyoles op 6th"]
[Site "Banyoles"]
[Date "2003.08.04"]
[Round "3"]
[White "Vogler, Tilmann"]
[Black "Campos Moreno, Javier B"]
[Result "0-1"]
[WhiteElo "2317"]
[BlackElo "2509"]
[PlyCount "128"]
[EventDate "2003.08.??"]
[EventType "swiss"]
[EventRounds "9"]
[EventCountry "ESP"]
[SourceTitle "EXT 2005"]
[Source "ChessBase"]
[SourceDate "2004.11.15"]
[SourceVersion "1"]
[SourceVersionDate "2004.11.15"]
[SourceQuality "1"]
[WhiteTeam "Schwarzenbach"]
[WhiteTeamCountry "GER"]

1. d4 Nf6 2. Nc3 d5 3. Bg5 Nbd7 4. Nf3 c6 5. e3 Qa5 6. Bxf6 Nxf6 7. Bd3 Bg4 8. 0-0 e6 9. h3 Bh5 10. g4 Bg6 11. Ne5 Bb4 12. Ne2 Bd6 13. f4 Ne4 14. Kg2 f5 15. Bxe4 dxe4 16. c3 0-0-0 17. b4 Qc7 18. Ng3 Qe7 19. Qe2 Bxe5 20. fxe5 h5 21. gxf5 exf5 22. Qf2 Rdf8 23. Ne2 h4 24. b5 Bh5 25. bxc6 Bf3+ 26. Kh2 g5 27. Rab1 bxc6 28. Qe1 Kc7 29. c4 Qa3 30. Nc3 Rb8 31. Qd2 Rxb1 32. Rxb1 Rb8 33. Rxb8 Kxb8 34. d5 Qc5 35. Kg1 f4 36. dxc6 Qxe3+ 37. Qxe3 fxe3 38. e6 e2 39. Kf2 e3+ 40. Ke1 Kc7 41. e7 Bxc6 42. Ne4 g4 43. hxg4 Kd7 44. e8Q+ Kxe8 45. Ng5 Ke7 46. Kxe2 Kf6 47. Nh3 Bd7 48. Kxe3 Bxg4 49. Nf4 Be6 50. a3 Bxc4 51. Ke4 Kg5 52. Kf3 Kf5 53. Nh3 Bd5+ 54. Ke3 Kg4 55. Ng1 Bc6 56. Kf2 Kf4 57. Nh3+ Ke4 58. Ke2 Bb5+ 59. Kf2 Bd7 60. Ng1 Kf4 61. Ke2 Kg3 62. Ke3 Bg4 63. a4 Bd1 64. a5 Kg2 0-1

[Event "BL2-Ost 0203"]
[Site "Germany"]
[Date "2003.01.26"]
[Round "5.3"]
[White "Euler, Gerd"]
[Black "Vogler, Tilmann"]
[Result "0-1"]
[WhiteElo "2417"]
[BlackElo "2298"]
[PlyCount "94"]
[EventDate "2002.10.20"]
[EventType "team-tourn"]
[EventRounds "9"]
[EventCountry "GER"]
[SourceTitle "EXT 2004"]
[Source "ChessBase"]
[SourceDate "2003.11.25"]
[SourceVersion "1"]
[SourceVersionDate "2003.11.25"]
[SourceQuality "1"]
[WhiteTeam "Zeitnot Hungen-Lich"]
[BlackTeam "Schott Mainz"]
[WhiteTeamCountry "GER"]
[BlackTeamCountry "GER"]

1. Nf3 Nf6 2. c4 e6 3. g3 b6 4. Bg2 Bb7 5. 0-0 Be7 6. Nc3 0-0 7. Qc2 d5 8. Ne5 c5 9. cxd5 Nxd5 10. Be4 h6 11. d3 Nd7 12. Nxd7 Qxd7 13. Nxd5 exd5 14. Bf3 Bf6 15. Bd2 Rfe8 16. Rae1 Rac8 17. Bc1 Re7 18. e3 b5 19. Qd1 Rce8 20. Bg2 a5 21. Qc2 Qd6 22. Rd1 Qb6 23. b3 Rd8 24. Ba3 Rc7 25. Bb2 d4 26. Bxb7 Qxb7 27. Qe2 c4 28. e4 c3 29. Bc1 Qa6 30. f4 Be7 31. e5 f5 32. Qh5 Rf8 33. Rde1 Qe6 34. g4 Bd8 35. Re2 g6 36. gxf5 Rxf5 37. Qf3 Rcf7 38. Rg2 Kh7 39. Kh1 Rxe5 40. Qa8 Qd5 41. Qa6 Re6 42. Qc8 Rc7 43. Qb8 Re2 44. Rfg1 Rce7 45. h3 Rxg2 46. Rxg2 Re2 47. Qb7+ Qxb7 0-1